| 000 | 00952cam a22003137a 4500 | ||
|---|---|---|---|
| 003 | CHAP | ||
| 005 | 20220329140641.0 | ||
| 008 | 971013s1986 r 00010 d | ||
| 010 | _a55364 | ||
| 011 | _a56336 | ||
| 035 | _a60489 | ||
| 040 | _cCHAP | ||
| 082 |
_a080 _bC5 v.3 |
||
| 100 | 0 | 0 |
_aAguilar Sahagun, Guillermo. _92842 |
| 245 | 1 | 4 | _aUna ojeada a la materia |
| 260 |
_aMéxico, D. F. : _bFondo de Cultura Económica, _c1986 |
||
| 300 |
_ac.a. 124 p. _b: ilus. |
||
| 490 | 3 |
_aLa ciencia desde México _v; 3 |
|
| 590 |
_aBATCH-UPD _b10 _c20130110 _lUCH01 _h1406 |
||
| 590 |
_aBATCH-UPD _b10 _c20130410 _lUCH01 _h0855 |
||
| 590 |
_aBATCH-UPD _b10 _c20130914 _lUCH01 _h1422 |
||
| 590 |
_aCONVERSION _b10 _c20130109 _lUCH01 _h1330 |
||
| 650 | 1 | 4 |
_aFísica. _941975 |
| 650 | 1 | 4 |
_aMateria. _972926 |
| 830 | 3 |
_aLa ciencia desde México _v; 3 _964199 |
|
| 901 | _aBK | ||
| 942 | _cLIBRO | ||
| 949 |
_a080 C5 v.3 _bBC _cC _d33724000485140 _eC _h68883 _i60489 _si |
||
| 999 |
_c55364 _d55364 |
||